Govt. of
Madhya Pradesh

SYAMA PRASAD MOOKERJEE (Record no. 68467)

MARC details
000 -LEADER
fixed length control field 00290nam a22001217a 4500
020 ## - INTERNATIONAL STANDARD BOOK NUMBER
ISBN MACL
082 ## - DEWEY DECIMAL CLASSIFICATION NUMBER
Classification number 920/MAN
100 ## - MAIN ENTRY--AUTHOR NAME
Personal name MANDAL ABHIJIT
245 ## - TITLE STATEMENT
Title SYAMA PRASAD MOOKERJEE
Sub Title THE LION OF PARLIAMENT
260 ## - PUBLICATION, DISTRIBUTION, ETC. (IMPRINT)
Place of publication NEW DELHI
Name of publisher HAWK PRESS
Year of publication 2022
650 ## - SUBJECT ADDED ENTRY--TOPICAL TERM
Topical Term BIOGRAPHY
942 ## - ADDED ENTRY ELEMENTS (KOHA)
Koha item type Books
Holdings
Withdrawn status Lost status Damaged status Not for loan Home library Current library Date acquired Cost, normal purchase price Full call number Accession Number Price effective from Koha item type
        MACL MACL 17/12/2025 995.00 920/MAN CRE040333 17/12/2025 Books